| 000 | 00674cam a2200229 4500500 | ||
|---|---|---|---|
| 005 | 20260405003709.0 | ||
| 041 | _afre | ||
| 042 | _adc | ||
| 100 | 1 | 0 |
_aDurand, Jean-Marie _eauthor |
| 245 | 0 | 0 | _aJ’y pense et puis je lis / Mai 2023 |
| 260 | _c2023. | ||
| 500 | _a55 | ||
| 690 | _aCommun | ||
| 690 | _aDiscours | ||
| 690 | _aÉmancipation | ||
| 690 | _aJean-Marie Durand | ||
| 690 | _aMichel Foucault | ||
| 690 | _aModernité | ||
| 690 | _aPeter Sloterdijk | ||
| 786 | 0 | _nPhilosophie magazine | 169 | 5 | 2023-05-01 | p. 52-52 | 1951-1787 | |
| 856 | 4 | 1 | _uhttps://shs.cairn.info/magazine-philosophie-magazine-2023-5-page-52?lang=fr&redirect-ssocas=7080 |
| 999 |
_c2069956 _d2069956 |
||